000 00713nam a2200229Ia 4500
001 2896
003 GE_BSU
008 181216s||||||||xx |||||||||||||| ||und||
020 _a5851710217
040 _cGE_BSU
080 _a339+336:02
245 _aМеждународное налогообложение
245 _bInternational Taxation in a Nutshell:Краткий курс
245 _cперевод английского. гл. ред. изд-во Н. Д. Эриашвили
260 _aМосква
260 _bЮнити
260 _c1997
300 _a375 с. 20 см.
541 _h9 л. 60 т.
653 _aМеждународное налогообложение
942 _cBK
999 _c36945
_d36945